000 01229nam a22003377a 4500
003 CHAP
005 20220329141731.0
008 971013s1979 r 00010 d
010 _a72990
011 _a73962
035 _a83520
040 _cCHAP
090 _aTesis
100 0 0 _aGarcía Gamboa, Sonia.
_946014
245 _aExperiencias en la aplicación de agroquímicos y corte de hojas a las plantas de dos variedades de maíz (Zea mays L.) en crecimiento activo
260 _a(Monterrey, N.L.) :
_bEl autor,
_c1979
300 _a71 h.
_b: gráfs.
502 _aTesis (M.C. Esp. en Fitomejoramiento) -- ITESM. Div. de Ciencias Agropecuarias y Marítimas. Programa de Graduados
590 _aALEPH
_b10
_c20130110
_lUCH01
_h1415
590 _aBATCH-UPD
_b10
_c20130110
_lUCH01
_h0301
590 _aBATCH-UPD
_b10
_c20130110
_lUCH01
_h1641
590 _aBATCH-UPD
_b10
_c20130409
_lUCH01
_h2332
590 _aBATCH-UPD
_b10
_c20130914
_lUCH01
_h1527
590 _aCONVERSION
_b10
_c20130109
_lUCH01
_h1340
650 1 4 _aMaíz
_xCrecimiento.
_970923
650 1 4 _aMaíz
_xDefoliación.
_970926
650 1 4 _aPlantas
_xCrecimiento
_xAditivos.
_988804
901 _aBK
942 _cTESIS
949 _bBC
_cTES
_d-38115
_eTS1
_i83520
_si
999 _c72990
_d72990